[Event "2.Open B Città di Padova Elo <1900"]
[Site "Padova Caffè Pedrocchi"]
[Date "1999.12.12"]
[Round "3.18"]
[White "Pietrobon, Gabriele"]
[Black "Pietrobon, Fabio"]
[Result "0-1"]
[WhiteElo "1485"]
[BlackElo "1732"]
[Annotator "Gabriele Ballarin"]
[PlyCount "39"]
[EventDate "1999.12.11"]
[EventType "swiss"]
[EventRounds "6"]
[EventCountry "ITA"]
[SourceTitle "Ballarin Gabriele"]
[Source "Ballarin Gabrie"]
[SourceDate "2001.01.01"]
[SourceVersion "1"]
[SourceVersionDate "2001.01.01"]
[SourceQuality "1"]

1. e4 c5 2. Nf3 d6 3. Bb5+ Bd7 4. a4 e6 5. Nc3 Be7 6. d3 Nf6 7. Qe2 a6 8. Bxd7+ Nbxd7 9. a5 O-O 10. O-O Qc7 11. Re1 Rfd8 12. Bg5 Rac8 13. d4 cxd4 14. Nxd4 Ne5 15. f4 Nc4 16. e5 dxe5 17. fxe5 Nd5 18. Nxd5 Rxd5 19. Qg4 Rxd4 20. Qxd4 0-1

[Event "2.Open B Città di Padova Elo <1900"]
[Site "Padova Caffè Pedrocchi"]
[Date "1999.12.12"]
[Round "3.19"]
[White "Spinoso, Giovanni"]
[Black "Todic, Simo"]
[Result "0-1"]
[WhiteElo "1500"]
[BlackElo "1699"]
[Annotator "Gabriele Ballarin"]
[PlyCount "116"]
[EventDate "1999.12.11"]
[EventType "swiss"]
[EventRounds "6"]
[EventCountry "ITA"]
[SourceTitle "Ballarin Gabriele"]
[Source "Ballarin Gabrie"]
[SourceDate "2001.01.01"]
[SourceVersion "1"]
[SourceVersionDate "2001.01.01"]
[SourceQuality "1"]

1. e4 c5 2. Nc3 Nc6 3. g3 d6 4. Bg2 Nf6 5. d3 g6 6. Be3 Bg7 7. Nge2 a6 8. Qd2 Ng4 9. f4 Nxe3 10. Qxe3 e6 11. e5 Qc7 12. Bxc6+ Qxc6 13. O-O-O d5 14. d4 c4 15. Rhe1 b5 16. a3 a5 17. Na2 Rb8 18. c3 Bf8 19. Qd2 b4 20. axb4 axb4 21. cxb4 Qa4 22. Nec3 Qb3 23. Qc2 Ra8 24. Kd2 Rxa2 25. Qxb3 cxb3 26. Nxa2 bxa2 27. Re3 Bxb4+ 28. Rc3 Bd7 29. Ra1 Ke7 30. Rxa2 Bxc3+ 31. Kxc3 Rc8+ 32. Kd2 Rc4 33. Ke3 Rc2 34. h4 h5 35. Kf3 Bb5 36. Ra7+ Kf8 37. b4 Rb2 38. Ke3 Rxb4 39. Ra8+ Kg7 40. Rb8 Rb3+ 41. Kf2 Bc4 42. Rxb3 Bxb3 43. Kf3 Kf8 44. Ke3 Ke7 45. Kd3 Kd7 46. Kc3 Bc4 47. Kb4 Kc6 48. Ka5 Kb7 49. Kb4 Kb6 50. Kc3 Kb5 51. Kd2 Kb4 52. Ke3 Kc3 53. Kf3 Kxd4 54. g4 Be2+ 55. Kxe2 hxg4 56. Kf2 Ke4 57. Kg3 d4 58. Kxg4 d3 0-1

[Event "2.Open B Città di Padova Elo <1900"]
[Site "Padova Caffè Pedrocchi"]
[Date "1999.12.12"]
[Round "3.20"]
[White "Ballarin, Gabriele"]
[Black "Favero, Graziano"]
[Result "1/2-1/2"]
[WhiteElo "1621"]
[BlackElo "1696"]
[Annotator "Gabriele Ballarin"]
[PlyCount "79"]
[EventDate "1999.12.11"]
[EventType "swiss"]
[EventRounds "6"]
[EventCountry "ITA"]
[SourceTitle "Ballarin Gabriele"]
[Source "Ballarin Gabrie"]
[SourceDate "2001.01.01"]
[SourceVersion "1"]
[SourceVersionDate "2001.01.01"]
[SourceQuality "1"]

1. e4 d6 2. Nc3 Nf6 3. d3 g6 4. f4 Bg7 5. Nf3 c5 6. Be2 Nc6 7. O-O O-O 8. Qe1 Bg4 9. h3 Bxf3 10. gxf3 Nd4 11. Bd1 Nh5 12. Ne2 Qd7 13. Kh2 Nxe2 14. Bxe2 f5 15. c3 fxe4 16. fxe4 Nxf4 17. Bxf4 Rxf4 18. Rxf4 Be5 19. Bg4 Bxf4+ 20. Kg2 Qb5 21. Qe2 e5 22. Be6+ Kg7 23. a4 Qe8 24. Bd5 Qe7 25. Rf1 Qh4 26. Qg4 Qxg4+ 27. hxg4 Rb8 28. c4 b6 29. Rh1 Rf8 30. Rf1 Rf6 31. Bb7 g5 32. Bc8 Rh6 33. Rh1 Rxh1 34. Kxh1 Bc1 35. b3 Kf6 36. Kg2 Ke7 37. Bf5 h6 38. Bc8 Kd8 39. Ba6 Kc7 40. Kh3 1/2-1/2

[Event "2.Open B Città di Padova Elo <1900"]
[Site "Padova Caffè Pedrocchi"]
[Date "1980.12.12"]
[Round "3.21"]
[White "Marangoni, Simone"]
[Black "De Nard, Stefano"]
[Result "1/2-1/2"]
[WhiteElo "1690"]
[BlackElo "1554"]
[Annotator "Gabriele Ballarin"]
[PlyCount "82"]
[EventDate "1999.12.11"]
[EventType "swiss"]
[EventRounds "6"]
[EventCountry "ITA"]
[SourceTitle "Ballarin Gabriele"]
[Source "Ballarin Gabrie"]
[SourceDate "2001.01.01"]
[SourceVersion "1"]
[SourceVersionDate "2001.01.01"]
[SourceQuality "1"]

1. Nf3 Nf6 2. c4 g6 3. Nc3 Bg7 4. e4 d6 5. d4 O-O 6. h3 c5 7. d5 Na6 8. Be2 e5 9. Bg5 Qa5 10. O-O h6 11. Bd2 Ne8 12. Qc1 Kh7 13. Nh2 f5 14. f4 exf4 15. Bxf4 g5 16. Bd2 Qd8 17. exf5 Bxf5 18. Rxf5 Rxf5 19. Bd3 Qf6 20. Qc2 Qd4+ 21. Kh1 Nb4 22. Bxf5+ Kh8 23. Qd1 Qf2 24. Bg4 Nd3 25. Qe2 Qd4 26. Rf1 Nxb2 27. Nf3 Qxc4 28. Qxc4 Nxc4 29. Ne4 Nf6 30. Nxf6 Bxf6 31. Bc1 Kg7 32. Be6 b5 33. Nh2 Bd4 34. Ng4 b4 35. Rf3 Ne5 36. Nxe5 Bxe5 37. a3 a5 38. Rb3 c4 39. Rb1 b3 40. Bb2 Bxb2 41. Rxb2 a4 1/2-1/2

[Event "2.Open B Città di Padova Elo <1900"]
[Site "Padova Caffè Pedrocchi"]
[Date "1999.12.12"]
[Round "3.23"]
[White "Litrico, Paolo"]
[Black "Giordan, Daniele"]
[Result "1-0"]
[WhiteElo "1684"]
[BlackElo "1500"]
[Annotator "Gabriele Ballarin"]
[PlyCount "57"]
[EventDate "1999.12.11"]
[EventType "swiss"]
[EventRounds "6"]
[EventCountry "ITA"]
[SourceTitle "Ballarin Gabriele"]
[Source "Ballarin Gabrie"]
[SourceDate "2001.01.01"]
[SourceVersion "1"]
[SourceVersionDate "2001.01.01"]
[SourceQuality "1"]

1. d4 Nf6 2. Bg5 Ne4 3. Bf4 d5 4. e3 e6 5. Bd3 c5 6. Bxe4 dxe4 7. c3 Nc6 8. Nd2 f5 9. Ne2 g5 10. Bg3 Qe7 11. h4 Bd7 12. dxc5 gxh4 13. Bxh4 Qxc5 14. Nf4 Be7 15. Qh5+ Kd8 16. O-O-O Kc7 17. Nb3 Qc4 18. Bg3 e5 19. Nd5+ Kd8 20. Nxe7 Nxe7 21. Bxe5 Re8 22. Rd4 Qb5 23. Rhd1 Rg8 24. Rxd7+ Qxd7 25. Rxd7+ Kxd7 26. g3 Ke6 27. Bf4 Ng6 28. Nd4+ Kf6 29. Qxf5+ 1-0

[Event "2.Open B Città di Padova Elo <1900"]
[Site "Padova Caffè Pedrocchi"]
[Date "1999.12.12"]
[Round "3.24"]
[White "Bartolozzi, Danilo"]
[Black "Xhani, Bujar"]
[Result "1/2-1/2"]
[WhiteElo "1672"]
[BlackElo "1500"]
[Annotator "Gabriele Ballarin"]
[PlyCount "78"]
[EventDate "1999.12.11"]
[EventType "swiss"]
[EventRounds "6"]
[EventCountry "ITA"]
[SourceTitle "Ballarin Gabriele"]
[Source "Ballarin Gabrie"]
[SourceDate "2001.01.01"]
[SourceVersion "1"]
[SourceVersionDate "2001.01.01"]
[SourceQuality "1"]

1. e4 c5 2. Nf3 Nc6 3. d4 cxd4 4. Nxd4 g6 5. Be3 Bg7 6. Be2 d6 7. Nc3 Nf6 8. O-O h5 9. f3 O-O 10. Qd2 Kh7 11. Rad1 Qa5 12. a3 a6 13. Ra1 Bd7 14. Rfd1 Rac8 15. Nb3 Qc7 16. Rac1 b5 17. Na2 Ne5 18. Na5 Be6 19. b3 Rfd8 20. c4 bxc4 21. Bxc4 Bxc4 22. Nxc4 Nxc4 23. Rxc4 Qb7 24. Rb4 Qa8 25. Nc3 Qc6 26. Rc1 Qd7 27. Rd1 Rc6 28. Na4 Qe6 29. Nb6 Nd7 30. Nd5 Rdc8 31. Rb7 Rc2 32. Qa5 Re2 33. Rc7 Rxc7 34. Qxc7 Bf6 35. Qc4 Ra2 36. a4 Ne5 37. Qf1 g5 38. Rd2 Ra1 39. Rd1 Ra2 1/2-1/2

[Event "2.Open B Città di Padova Elo <1900"]
[Site "Padova Caffè Pedrocchi"]
[Date "1999.12.12"]
[Round "3.25"]
[White "Borgato, Alessandro"]
[Black "Popovic, Dragan"]
[Result "0-1"]
[WhiteElo "1494"]
[BlackElo "1665"]
[Annotator "Gabriele Ballarin"]
[PlyCount "52"]
[EventDate "1999.12.11"]
[EventType "swiss"]
[EventRounds "6"]
[EventCountry "ITA"]
[SourceTitle "Ballarin Gabriele"]
[Source "Ballarin Gabrie"]
[SourceDate "2001.01.01"]
[SourceVersion "1"]
[SourceVersionDate "2001.01.01"]
[SourceQuality "1"]

1. e4 e5 2. Nf3 Nc6 3. Bc4 Nd4 4. O-O Nxf3+ 5. Qxf3 Qf6 6. Qb3 Bc5 7. Nc3 c6 8. Ne2 b5 9. Bd3 a5 10. c4 a4 11. Qd1 b4 12. Bc2 a3 13. bxa3 bxa3 14. Rb1 Ne7 15. Rb3 Ng6 16. Rf3 Qe7 17. d4 exd4 18. Nxd4 O-O 19. Rh3 Bxd4 20. Qxd4 d5 21. Re3 dxc4 22. Qxc4 Ba6 23. Qxc6 Bxf1 24. Rc3 Be2 25. f4 Bg4 26. f5 Bxf5 0-1

[Event "2.Open B Città di Padova Elo <1900"]
[Site "Padova Caffè Pedrocchi"]
[Date "1999.12.12"]
[Round "3.26"]
[White "Aguggiaro, Renzo"]
[Black "Conz, Flavio"]
[Result "1-0"]
[WhiteElo "1489"]
[BlackElo "1633"]
[Annotator "Gabriele Ballarin"]
[PlyCount "81"]
[EventDate "1999.12.11"]
[EventType "swiss"]
[EventRounds "6"]
[EventCountry "ITA"]
[SourceTitle "Ballarin Gabriele"]
[Source "Ballarin Gabrie"]
[SourceDate "2001.01.01"]
[SourceVersion "1"]
[SourceVersionDate "2001.01.01"]
[SourceQuality "1"]

1. d4 Nf6 2. c4 e5 3. dxe5 Ng4 4. Nf3 Nc6 5. Nc3 Bc5 6. e3 Ngxe5 7. Be2 O-O 8. O-O Nxf3+ 9. Bxf3 Ne5 10. Be2 c6 11. Ne4 Be7 12. b3 d5 13. cxd5 cxd5 14. Ng3 Bd6 15. Bb2 Be6 16. Qd4 f6 17. Rad1 Nc6 18. Qd2 f5 19. f4 Qe7 20. Nh5 Bb4 21. Qc1 Rf7 22. a3 Bc5 23. Rf3 d4 24. Rd3 Rd8 25. Rg3 Bd5 26. Kf1 Be4 27. Qc4 Bd5 28. Qc1 b5 29. Qa1 Rd6 30. Bxd4 Bxd4 31. exd4 Rg6 32. Qc1 Re6 33. Rde3 Rxe3 34. Rxe3 Be4 35. Bxb5 Nxd4 36. Bc4 Ne6 37. Ng3 Qc7 38. Nxe4 Qxf4+ 39. Nf2 Nc7 40. Bxf7+ Kxf7 41. Re7+ 1-0

[Event "2.Open B Città di Padova Elo <1900"]
[Site "Padova Caffè Pedrocchi"]
[Date "1999.12.12"]
[Round "3.27"]
[White "Verdi, Ruben"]
[Black "Morganti, Lionello"]
[Result "0-1"]
[WhiteElo "1464"]
[BlackElo "1624"]
[Annotator "Gabriele Ballarin"]
[PlyCount "56"]
[EventDate "1999.12.11"]
[EventType "swiss"]
[EventRounds "6"]
[EventCountry "ITA"]
[SourceTitle "Ballarin Gabriele"]
[Source "Ballarin Gabrie"]
[SourceDate "2001.01.01"]
[SourceVersion "1"]
[SourceVersionDate "2001.01.01"]
[SourceQuality "1"]

1. e4 d6 2. d4 Nf6 3. Nc3 g6 4. Nf3 Bg7 5. Be3 O-O 6. h3 c6 7. Be2 b5 8. b4 Bb7 9. O-O a6 10. a4 e6 11. axb5 cxb5 12. Bd3 Nc6 13. Rb1 Rc8 14. Ne2 Ne7 15. Ng3 Nd7 16. Qd2 Nb6 17. Rfe1 Nc4 18. Bxc4 Rxc4 19. Qd3 Qd7 20. Nd2 Rc7 21. c4 Rfc8 22. Rbc1 bxc4 23. Nxc4 Qb5 24. Nb2 Qxb4 25. Rxc7 Qxe1+ 26. Kh2 Rxc7 27. Qa3 Nc8 28. Qa4 Kf8 0-1

[Event "2.Open B Città di Padova Elo <1900"]
[Site "Padova Caffè Pedrocchi"]
[Date "1999.12.12"]
[Round "3.28"]
[White "Tresin, Ardilio"]
[Black "Stiz, Massimiliano"]
[Result "1/2-1/2"]
[WhiteElo "1380"]
[BlackElo "1567"]
[Annotator "Gabriele Ballarin"]
[PlyCount "53"]
[EventDate "1999.12.11"]
[EventType "swiss"]
[EventRounds "6"]
[EventCountry "ITA"]
[SourceTitle "Ballarin Gabriele"]
[Source "Ballarin Gabrie"]
[SourceDate "2001.01.01"]
[SourceVersion "1"]
[SourceVersionDate "2001.01.01"]
[SourceQuality "1"]

{[%evp 0,52,18,18,70,65,72,68,35,44,64,17,30,24,30,30,42,0,4,0,15,18,-3,-8,4,5,-2,-40,70,-33,-28,-15,-25,-4,25,0,0,-13,40,44,50,39,36,39,13,14,37,43,46,56,52,62,71,79,75]} 1. d4 f5 2. g3 Nf6 3. Bg2 e6 4. Nf3 d5 5. Bg5 h6 6. Bxf6 Qxf6 7. e3 Bd6 8. Nbd2 b6 9. c4 c6 10. a3 O-O 11. O-O Nd7 12. b4 g5 13. c5 bxc5 14. bxc5 Bc7 15. Qa4 e5 16. dxe5 Nxe5 17. Nxe5 Bxe5 18. Rab1 Rf7 19. Nf3 Rc7 20. Nxe5 Qxe5 21. Qd4 Qxd4 22. exd4 Ba6 23. Rfe1 Kf7 24. Bf1 Bxf1 25. Kxf1 Re8 26. Rxe8 Kxe8 27. a4 1/2-1/2

[Event "2.Open B Città di Padova Elo <1900"]
[Site "Padova Caffè Pedrocchi"]
[Date "1999.12.12"]
[Round "3.29"]
[White "Sanavio, Giancarlo"]
[Black "Roberti, Ignazio"]
[Result "0-1"]
[WhiteElo "1522"]
[BlackElo "1610"]
[Annotator "Gabriele Ballarin"]
[PlyCount "72"]
[EventDate "1999.12.11"]
[EventType "swiss"]
[EventRounds "6"]
[EventCountry "ITA"]
[SourceTitle "Ballarin Gabriele"]
[Source "Ballarin Gabrie"]
[SourceDate "2001.01.01"]
[SourceVersion "1"]
[SourceVersionDate "2001.01.01"]
[SourceQuality "1"]

1. Nf3 Nf6 2. c4 e6 3. g3 b6 4. Bg2 Bb7 5. O-O Be7 6. d4 O-O 7. Nc3 d5 8. cxd5 exd5 9. Bg5 Nbd7 10. Rc1 c6 11. Re1 h6 12. Bf4 Re8 13. Rc2 Bf8 14. e3 g6 15. Ne2 Ne4 16. g4 Bd6 17. Bxh6 Qf6 18. g5 Qh8 19. Ng3 Ndf6 20. Nxe4 Nxe4 21. h3 Rad8 22. Nh2 c5 23. Bxe4 Rxe4 24. Ng4 Be7 25. f3 Re6 26. Ne5 Rxe5 27. dxe5 Qxe5 28. Qe2 Qg3+ 29. Kf1 Bc8 30. Qf2 Ba6+ 31. Ree2 Qxh3+ 32. Ke1 Bxe2 33. Rxe2 d4 34. exd4 Rxd4 35. Qe3 Qg3+ 36. Rf2 Qg1+ 0-1

[Event "2.Open B Città di Padova Elo <1900"]
[Site "Padova Caffè Pedrocchi"]
[Date "1999.12.12"]
[Round "3.30"]
[White "Vastano, Ciro"]
[Black "Molena, Paolo"]
[Result "0-1"]
[WhiteElo "1300"]
[BlackElo "1477"]
[Annotator "Gabriele Ballarin"]
[PlyCount "60"]
[EventDate "1999.12.11"]
[EventType "swiss"]
[EventRounds "6"]
[EventCountry "ITA"]
[SourceTitle "Ballarin Gabriele"]
[Source "Ballarin Gabrie"]
[SourceDate "2001.01.01"]
[SourceVersion "1"]
[SourceVersionDate "2001.01.01"]
[SourceQuality "1"]

1. e4 e5 2. d4 exd4 3. c3 Qh4 4. Nf3 Qxe4+ 5. Be2 dxc3 6. O-O c2 7. Qd2 cxb1=Q 8. Rxb1 Qxb1 9. Bd3 Qxa2 10. Re1+ Qe6 11. Rxe6+ dxe6 12. Qc3 Nc6 13. Bb5 Bd7 14. Bf4 O-O-O 15. h3 Bb4 16. Qxg7 Nge7 17. Bg3 Nf5 18. Qxf7 Nxg3 19. fxg3 Bc5+ 20. Kh2 a6 21. Ba4 Rdf8 22. Qh5 Bd6 23. Nd2 Rhg8 24. Ne4 Be8 25. Qd1 Be7 26. Qb3 Bd7 27. Qc4 b5 28. Bxb5 axb5 29. Qxb5 Nb8 30. Nc3 Bxb5 0-1

[Event "2.Open B Città di Padova Elo <1900"]
[Site "Padova Caffè Pedrocchi"]
[Date "1980.12.12"]
[Round "3.31"]
[White "Boscolo, Ampelio"]
[Black "Gottardo, J.Michele"]
[Result "1/2-1/2"]
[WhiteElo "1494"]
[BlackElo "1500"]
[Annotator "Gabriele Ballarin"]
[PlyCount "95"]
[EventDate "1999.12.11"]
[EventType "swiss"]
[EventRounds "6"]
[EventCountry "ITA"]
[SourceTitle "Ballarin Gabriele"]
[Source "Ballarin Gabrie"]
[SourceDate "2001.01.01"]
[SourceVersion "1"]
[SourceVersionDate "2001.01.01"]
[SourceQuality "1"]

1. Nf3 d5 2. d3 Nc6 3. g3 e5 4. Bg2 Bc5 5. Nbd2 Nge7 6. e4 Bg4 7. h3 Bh5 8. g4 Bg6 9. exd5 Nxd5 10. Nc4 O-O 11. O-O Re8 12. Re1 e4 13. dxe4 Bxe4 14. Bg5 f6 15. Bh4 Nf4 16. Ncd2 Nxg2 17. Kxg2 Bd5 18. c4 Bf7 19. Rxe8+ Qxe8 20. Bg3 Qd7 21. Qb3 b6 22. Ne4 Bf8 23. Qc3 Bb4 24. Qxf6 Re8 25. Nfg5 Bxc4 26. Rc1 Bd5 27. Qf4 h6 28. Kg1 hxg5 29. Nxg5 Re1+ 30. Rxe1 Bxe1 31. Qc1 Bb4 32. Qc2 Kf8 33. Qh7 Ke8 34. Qh8+ Bf8 35. Nh7 Qe7 36. Kf1 Bxa2 37. Bh4 Bc4+ 38. Kg2 Qb4 39. Ng5 Bd5+ 40. Kh2 Kd7 41. Qh7 Bd6+ 42. Bg3 Bxg3+ 43. Kxg3 Qb3+ 44. f3 Ne7 45. Qxg7 Qe3 46. h4 Qe1+ 47. Kf4 Qd2+ 48. Kg3 1/2-1/2

[Event "2.Open B Città di Padova Elo <1900"]
[Site "Padova Caffè Pedrocchi"]
[Date "1999.12.12"]
[Round "3.32"]
[White "Lovisetto, Giampaolo"]
[Black "Pedrollo, Cristian"]
[Result "1-0"]
[WhiteElo "1500"]
[BlackElo "1474"]
[Annotator "Gabriele Ballarin"]
[PlyCount "56"]
[EventDate "1999.12.11"]
[EventType "swiss"]
[EventRounds "6"]
[EventCountry "ITA"]
[SourceTitle "Ballarin Gabriele"]
[Source "Ballarin Gabrie"]
[SourceDate "2001.01.01"]
[SourceVersion "1"]
[SourceVersionDate "2001.01.01"]
[SourceQuality "1"]

1. e4 e6 2. d4 d5 3. exd5 exd5 4. Nf3 Nf6 5. Bd3 Be7 6. O-O O-O 7. h3 b6 8. Bf4 Ba6 9. c3 Bxd3 10. Qxd3 Nbd7 11. Nbd2 Rc8 12. Ne5 c5 13. Nxd7 Qxd7 14. dxc5 Bxc5 15. Nb3 Bd6 16. Bxd6 Qxd6 17. Qf3 Rfe8 18. Rad1 Rc7 19. Nd4 Qd7 20. b3 Ne4 21. c4 dxc4 22. Nf5 Qe6 23. bxc4 Rxc4 24. Rfe1 Rc2 25. Rxe4 Qc8 26. Ne7+ Rxe7 27. Rxe7 Qf8 28. Rde1 Rc1 1-0

[Event "2.Open B Città di Padova Elo <1900"]
[Site "Padova Caffè Pedrocchi"]
[Date "1999.12.12"]
[Round "3.33"]
[White "Quaranta, Cristiano"]
[Black "Roccaro, Giovanni"]
[Result "1-0"]
[WhiteElo "1552"]
[BlackElo "1630"]
[Annotator "Gabriele Ballarin"]
[PlyCount "76"]
[EventDate "1999.12.11"]
[EventType "swiss"]
[EventRounds "6"]
[EventCountry "ITA"]
[SourceTitle "Ballarin Gabriele"]
[Source "Ballarin Gabrie"]
[SourceDate "2001.01.01"]
[SourceVersion "1"]
[SourceVersionDate "2001.01.01"]
[SourceQuality "1"]

1. e4 c5 2. d4 cxd4 3. c3 g6 4. cxd4 d5 5. e5 e6 6. Nc3 a6 7. Be2 Bg7 8. Nf3 Bd7 9. O-O f6 10. Bf4 Nc6 11. exf6 Nxf6 12. Bd6 Ne4 13. Nxe4 dxe4 14. Ne5 Qb6 15. Bc5 Qc7 16. Nxc6 Bxc6 17. Qb3 Qd7 18. Rfd1 Ba4 19. Qb6 Bxd1 20. Rxd1 Rc8 21. Bg4 Rc6 22. Qb3 Qf7 23. Qe3 h6 24. Bh3 Bf8 25. Qxe4 Bxc5 26. dxc5 O-O 27. Qe3 Kh7 28. g3 e5 29. Rd7 Rf6 30. Rxf7+ R8xf7 31. Bg2 Re7 32. Qc3 Rf8 33. Qb4 Rff7 34. Qb6 e4 35. c6 bxc6 36. Qe3 Re5 37. Bxe4 Rfe7 38. Bxg6+ Kxg6 1-0

[Event "2.Open B Città di Padova Elo <1900"]
[Site "Padova Caffè Pedrocchi"]
[Date "1999.12.12"]
[Round "3.34"]
[White "Favale, Giuseppe"]
[Black "Pastore, Mauro"]
[Result "0-1"]
[WhiteElo "1500"]
[BlackElo "1612"]
[Annotator "Gabriele Ballarin"]
[PlyCount "60"]
[EventDate "1999.12.11"]
[EventType "swiss"]
[EventRounds "6"]
[EventCountry "ITA"]
[SourceTitle "Ballarin Gabriele"]
[Source "Ballarin Gabrie"]
[SourceDate "2001.01.01"]
[SourceVersion "1"]
[SourceVersionDate "2001.01.01"]
[SourceQuality "1"]

{[%evp 0,20,19,-50,-50,-64,-50,-57,-38,-24,13,9,36,-26,20,-85,71,-195,69,-262,109,-201,32]} 1. b4 d5 2. Bb2 Nf6 3. e3 a5 4. b5 c5 5. c4 Bf5 6. f3 Nbd7 7. cxd5 e5 8. e4 Bg6 9. a4 Be7 10. Na3 O-O 11. Nc4 Qb8 12. Ne2 Nh5 13. g3 f5 14. d3 fxe4 15. dxe4 Rxf3 16. Nd4 Rxf1+ 17. Rxf1 exd4 18. Qg4 Qe8 19. O-O-O Nhf6 20. Qh3 Nxe4 21. Nd2 Nxd2 22. Rxd2 Bg5 23. Qe6+ Qxe6 24. dxe6 Ne5 25. h4 Bxd2+ 26. Kxd2 Nc4+ 27. Kc1 Rf8 28. Rxf8+ Kxf8 29. Ba1 Ke7 30. Kd1 Kxe6 0-1

[Event "2.Open B Città di Padova Elo <1900"]
[Site "Padova Caffè Pedrocchi"]
[Date "1999.12.12"]
[Round "3.35"]
[White "Gobbato, Paolo"]
[Black "Bonetto, Giorgio"]
[Result "1-0"]
[WhiteElo "1500"]
[BlackElo "1567"]
[Annotator "Gabriele Ballarin"]
[PlyCount "67"]
[EventDate "1999.12.11"]
[EventType "swiss"]
[EventRounds "6"]
[EventCountry "ITA"]
[SourceTitle "Ballarin Gabriele"]
[Source "Ballarin Gabrie"]
[SourceDate "2001.01.01"]
[SourceVersion "1"]
[SourceVersionDate "2001.01.01"]
[SourceQuality "1"]

1. d4 e6 2. c4 d5 3. Nc3 c6 4. Bf4 Bd6 5. Qd2 Nf6 6. Nh3 dxc4 7. e3 b5 8. a4 Bxf4 9. Nxf4 Qa5 10. Be2 b4 11. Na2 c3 12. bxc3 b3 13. Nc1 Ne4 14. Nxb3 Qxc3 15. Qxc3 Nxc3 16. Bf3 Bd7 17. O-O Nd5 18. Nd3 Na6 19. Rfc1 O-O 20. Ne5 Rfb8 21. Nxd7 Rxb3 22. Rxc6 Nab4 23. Rc4 Rd8 24. h3 f6 25. Nc5 Rb2 26. Nxe6 Rb8 27. Rc5 Ne7 28. Rc7 Kf7 29. d5 Rd2 30. Rb1 a5 31. Nd4 Ke8 32. d6 Ned5 33. Bxd5 Nxd5 34. Rxb8# 1-0

[Event "2.Open B Città di Padova Elo <1900"]
[Site "Padova Caffè Pedrocchi"]
[Date "1999.12.12"]
[Round "3.36"]
[White "Musiani, Carlo"]
[Black "Marangon, Matteo"]
[Result "1-0"]
[WhiteElo "1500"]
[BlackElo "1500"]
[Annotator "Gabriele Ballarin"]
[PlyCount "81"]
[EventDate "1999.12.11"]
[EventType "swiss"]
[EventRounds "6"]
[EventCountry "ITA"]
[SourceTitle "Ballarin Gabriele"]
[Source "Ballarin Gabrie"]
[SourceDate "2001.01.01"]
[SourceVersion "1"]
[SourceVersionDate "2001.01.01"]
[SourceQuality "1"]

1. e4 c5 2. Nf3 d6 3. d4 cxd4 4. Nxd4 Nf6 5. Nc3 Nc6 6. Bg5 Qb6 7. Nxc6 bxc6 8. Rb1 Ng4 9. Qd2 h5 10. Na4 Qc7 11. f3 Nf6 12. Bc4 e6 13. Qc3 Be7 14. Be3 O-O 15. O-O Rb8 16. Bf4 e5 17. Be3 Bd7 18. b4 d5 19. Bxd5 Nxd5 20. exd5 Qd6 21. Bc5 Qf6 22. Bxe7 Qxe7 23. dxc6 Rfc8 24. b5 Qg5 25. Kh1 h4 26. Rg1 Be6 27. Rbe1 Rxb5 28. Rb1 Rxb1 29. Rxb1 Bxa2 30. Re1 Rd8 31. Qa5 Rd2 32. Rg1 Rxc2 33. Qxa7 Rxc6 34. Qa8+ Rc8 35. Qxc8+ Kh7 36. Qc2+ g6 37. Qxa2 h3 38. Qxf7+ Kh6 39. gxh3 e4 40. Rxg5 e3 41. Qxg6# 1-0

[Event "2.Open B Città di Padova Elo <1900"]
[Site "Padova Caffè Pedrocchi"]
[Date "1999.12.12"]
[Round "3.37"]
[White "Crestani, Federico"]
[Black "Marcuzzo, Giorgio"]
[Result "1-0"]
[WhiteElo "1522"]
[BlackElo "1492"]
[Annotator "Gabriele Ballarin"]
[PlyCount "115"]
[EventDate "1999.12.11"]
[EventType "swiss"]
[EventRounds "6"]
[EventCountry "ITA"]
[SourceTitle "Ballarin Gabriele"]
[Source "Ballarin Gabrie"]
[SourceDate "2001.01.01"]
[SourceVersion "1"]
[SourceVersionDate "2001.01.01"]
[SourceQuality "1"]

1. d4 Nf6 2. c4 d6 3. Nc3 Nbd7 4. e4 e5 5. d5 c6 6. Be2 h6 7. Be3 Be7 8. h3 Nf8 9. Nf3 g5 10. Qc2 Ng6 11. g3 O-O 12. O-O-O Bd7 13. Kb1 Ne8 14. Bd3 Ng7 15. h4 Bg4 16. Be2 f5 17. hxg5 h5 18. Nh4 Nxh4 19. gxh4 f4 20. Bc1 cxd5 21. cxd5 Rc8 22. Bxg4 hxg4 23. Qe2 g3 24. fxg3 Qb6 25. Rd3 fxg3 26. Rxg3 Rf2 27. Qe3 Nh5 28. Qxb6 axb6 29. Rgg1 Bd8 30. Rf1 Rg2 31. Rfg1 Rf2 32. Be3 Rf3 33. Bc1 Kg7 34. Kc2 b5 35. a3 Bb6 36. Rf1 Rfxc3+ 37. bxc3 Ng3 38. Re1 Nxh1 39. Rxh1 Ba5 40. Bd2 b4 41. axb4 Bxb4 42. h5 Ba5 43. Kd3 b5 44. Rb1 Rh8 45. Rh1 Rf8 46. Rh3 Bd8 47. g6 Bf6 48. Rg3 Bh4 49. h6+ Kg8 50. Rh3 Bf6 51. Rg3 Bh4 52. Rg4 Bf6 53. Rg2 Rc8 54. Bg5 Rf8 55. g7 Bxg7 56. hxg7 Rf3+ 57. Ke2 Rxc3 58. Be7 1-0

[Event "2.Open B Città di Padova Elo <1900"]
[Site "Padova Caffè Pedrocchi"]
[Date "1999.12.12"]
[Round "3.38"]
[White "Catti, Patrick"]
[Black "Tessari, Gianni"]
[Result "0-1"]
[WhiteElo "1491"]
[BlackElo "1600"]
[Annotator "Gabriele Ballarin"]
[PlyCount "72"]
[EventDate "1999.12.11"]
[EventType "swiss"]
[EventRounds "6"]
[EventCountry "ITA"]
[SourceTitle "Ballarin Gabriele"]
[Source "Ballarin Gabrie"]
[SourceDate "2001.01.01"]
[SourceVersion "1"]
[SourceVersionDate "2001.01.01"]
[SourceQuality "1"]

1. d4 d5 2. Nc3 Nf6 3. h3 g6 4. Nf3 Bg7 5. a3 Nc6 6. Bf4 O-O 7. Qd2 Ne4 8. Qe3 Nxc3 9. bxc3 Bd7 10. Bh6 e6 11. Bxg7 Kxg7 12. g4 Re8 13. Ne5 f6 14. Nxc6 Bxc6 15. Qg3 e5 16. Bg2 Ba4 17. Ra2 Qd7 18. O-O exd4 19. Re1 Bb5 20. cxd4 Rxe2 21. Rxe2 Bxe2 22. c3 Bc4 23. Rd2 Rc8 24. g5 Rf8 25. h4 Qe7 26. f4 Qxa3 27. f5 Qc1+ 28. Kh2 Qxd2 29. Qxc7+ Kg8 30. gxf6 Rxf6 31. Qc8+ Kg7 32. Qc7+ Kh6 33. Kg3 Rxf5 34. Qd6 Qf2+ 35. Kh3 Qe3+ 36. Kg4 Be2+ 0-1